Apuntes porteños.

Gardado en:
Detalles Bibliográficos
Autor Principal: Lukas, 1934-1988, Pecchenino Raggi, Renzo (autor)
Formato: Libro
Idioma:Lingua castelá
Publicado: Valparaíso, Chile Universitarias de Valparaíso 1971
Subjects:
Tags: Engadir etiqueta
Sen Etiquetas, Sexa o primeiro en etiquetar este rexistro!

MARC

LEADER 00000cam a2200000 a 4500
001 UCU2829
003 CL-VaPUC
005 20241211103007.0
008 960426e19710000CL |||||||||||||||||spa|d
651 0 |a Valparaíso, Chile  |z CHILE  |9 261144 
999 |c 247039  |d 247037 
040 |c Pontificia Universidad Católica de Valparaíso 
082 0 4 |a 398.09 PEC 1971  |2 21 
100 |a Lukas,  |d 1934-1988,  |q Pecchenino Raggi, Renzo  |e autor  |9 861249 
245 1 0 |a Apuntes porteños. 
260 0 3 |a Valparaíso, Chile  |b Universitarias de Valparaíso  |c 1971 
300 |a 45 páginas. 
583 |a last modification  |c 20151103 01:13:42  |k Rodrigo Vera 
650 7 |a FOLKLORE  |2 CL-VaPUC  |9 268291 
650 0 |a Costumbres y tradiciones   |9 268292 
650 0 |a Antropología cultural y social   |9 265143 
650 0 |a Caricaturas  |9 359381 
650 0 |a Historia urbana  |9 265140 
942 |c BK  |2 ddc 
945 |d 19960426 00:00:00  |a lriquelm 
952 |0 0  |1 0  |2 ddc  |4 0  |6 398_090000000000000_PEC_1971  |7 0  |8 A  |9 262563  |a BIBING  |b BIBING  |d 2019-11-19  |i 1648144  |o 398.09 PEC 1971  |p 1648144  |r 2025-01-20  |t 3  |w 2019-11-19  |y BK  |k GEO 
952 |0 0  |1 0  |2 ddc  |4 0  |6 398_090000000000000_PEC_1971  |7 0  |8 X  |9 262564  |a FDOBUD  |b FDOBUD  |d 2019-11-19  |i 1013610  |o 398.09 PEC 1971  |p 1013610  |r 2019-11-19  |t 1  |w 2019-11-19  |y BK_X  |k BUD 
952 |0 0  |1 0  |2 ddc  |3 erb  |4 0  |6 398_090000000000000_PEC_1971  |7 0  |8 X  |9 262565  |a FDOBUD  |b FDOBUD  |i 5210186  |o 398.09 PEC 1971  |p 5210186  |r 2019-11-19  |t 2  |w 2019-11-19  |y BK_X  |z Catalogado en:20151106  |k BUD